00930nam a2200277 4500001000700000003000700007005001700014008004100031016004600072017005200118020001500170035002100185040003600206080002000242100001700262240003200279245007300311260003500384300002700419490003300446500003800479650003700517700002800554830003100582852003900613143810SpMaBN20240129115323.0881011s19850000sp a 0000 spa 7 abimoBNE19921212602zIBH86051090972SpMaBN aB 5584-1985bOficina Depósito Legal Barcelona a8433930591 a(OCoLC)433784452 aIBHbspacSpMaBNerdcdES-MaACL a820(73)-821"19"0 aShepard, Sam10aMotel chronicleslEspañol10aCrónicas de motel /cSam Shepard ; traducción de Enrique Murillo aBarcelona :bAnagrama,c[1985] a141 p. :bil. ;c20 cm0 aPanorama de narrativas ;v59 aTraducción de: Motel chronicles 0aLiteratura norteamericanayS. XX0 aMurillo, Enriqued1944- 0aPanorama de narrativasv59 aES-MaACLbR.112544jL-10701cDEPO2